Countries Closest to Florida - Statistics

General Stats
  • This quiz has been taken 24,392 times
    20,482 since last reset
  • The average score is 18 of 20
Answer Stats
km country miles % Correct
154 Cuba 96
98%
592 Mexico 368
98%
83 Bahamas 51
95%
1065 Dominican Republic 662
93%
928 Haiti 576
93%
754 Jamaica 469
91%
1664 Panama 1034
91%
1045 Guatemala 649
89%
815 Honduras 506
89%
923 Belize 573
88%
1205 Canada 748
88%
1523 Costa Rica 946
88%
1067 Nicaragua 663
88%
1324 El Salvador 823
86%
1232 Colombia 766
83%
1940 France via Saint Martin 1206
83%
1732 Venezuela 1077
83%
564 United Kingdom
via Cayman Islands
351
82%
2004 St. Kitts and Nevis 1245
78%
1760 Netherlands via Aruba 1094
73%
No matching quizzes found
Score Distribution
Percent of People with Each Score
Percentile by Number Answered
Your Score History
You have not taken this quiz since the last reset